| 000 | 01327nam0a22003371 4500 | ||
|---|---|---|---|
| 001 | v19\rc\2026801 | ||
| 005 | 20251118181508.7 | ||
| 035 | _a(NLR Aleph) 005106875 | ||
| 090 |
_a7451101 _c7451101 |
||
| 100 | _a20080925d1916 u y0rusy50 ca | ||
| 101 | 0 | _arus | |
| 102 | _aRU | ||
| 105 | _ay z ||||| | ||
| 200 | 1 |
_aПамять и ее воспитание _e(Гимнастика памяти) _fГ. Павловцев |
|
| 205 | _a2-е изд. | ||
| 210 |
_aПетроград _aМосква _cт-во М.О. Вольф _d1916 _eПетроград |
||
| 215 |
_a16 с. _d20 |
||
| 225 | 1 |
_aЗадушевное воспитание _iСобрание популярных очерков, лекций и статей по педагогическим вопросам/Под ред. Виктора Русакова _v14 |
|
| 311 | _aБеспл. прил. к журн. "Задушевное слово" | ||
| 422 | 0 |
_12001#$aЗадушевное слово _tЗадушевное слово |
|
| 517 | 0 | _aГимнастика памяти | |
| 700 | 1 |
_aПавловцев _bГ. |
|
| 801 | 0 |
_aRU _bNLR _gpsbo |
|
| 801 | 0 |
_aRU _bRuMoRGB _2psbo |
|
| 801 | 1 |
_aRU _bProSoft-M _2rusmarc |
|
| 852 |
_aNLR _j119/410 |
||
| 899 |
_aRuMoRGB _jV 274/691 |
||
| 899 |
_aRuMoRGB _jU 247/809 |
||
| 899 | _aБАН | ||
| 942 | _cBOOK | ||
| 980 | _aNB | ||